| 000 | 00858cab a2200241 4500 | ||
|---|---|---|---|
| 001 | WB3238-04 | ||
| 008 | 090401t1996 xxu||||| |||| 00| 0 eng d | ||
| 035 | _a(Sirsi) u20390 | ||
| 041 | _aeng | ||
| 245 | _aAgents pool their resources | ||
| 260 | _c1996 | ||
| 350 | _a0 | ||
| 490 |
_aIndependent on Sunday _v6 October 1996, 10(1) |
||
| 520 | _aThe Pride Register, or Property Information Data Exchange, has been formed by a number of London`s main property agents. Its objective is to improve the availability and quality of property information to its subscribing agents. | ||
| 650 | _aCOMMERCIAL AGENTS | ||
| 650 | _aPROPERTY-COMMERCIAL PROPERTY | ||
| 650 | _aPRIDE REGISTER | ||
| 650 | _aPROPERTY INFORMATION DATA EXCHANGE | ||
| 650 | _aPROPERTY INFORMATION | ||
| 690 | _aPROPERTY-COMMERCIAL PROPERTY | ||
| 942 | _n0 | ||
| 948 | _c04/03/1997 | ||
| 999 |
_c13659 _d13659 |
||